[Event "Open Parla 2008"]
[Site "Parla ESP"]
[Date "2008.09.10"]
[Round "5.16"]
[White "Elissalt Cardenas, Hector"]
[Black "Quintero Torres, Pedro"]
[Result "1-0"]
[WhiteElo "2317"]
[BlackElo "2095"]
[PlyCount "35"]
[EventDate "2008.09.06"]
[EventType "swiss"]
[EventRounds "9"]
[EventCountry "AUT"]
[Source "lmi"]
[SourceDate "2008.09.06"]

1. d4 Nf6 2. Nf3 d5 3. e3 e6 4. Nbd2 c5 5. c3 Nc6 6. Bd3 Bd6 7. O-O O-O 8. dxc5
Bxc5 9. e4 dxe4 10. Nxe4 Nxe4 11. Bxe4 Qxd1 12. Rxd1 f5 13. Bxc6 bxc6 14. Ne5
Bb7 15. Nd7 Rfd8 16. Bg5 Bb6 17. Bxd8 Rxd8 18. Nc5 1-0

[Event "Open Parla 2008"]
[Site "Parla ESP"]
[Date "2008.09.10"]
[Round "5.18"]
[White "Estrada Martinez, Cesar"]
[Black "Sanchez Garcia, Manuel"]
[Result "1-0"]
[WhiteElo "2225"]
[BlackElo "2062"]
[PlyCount "39"]
[EventDate "2008.09.06"]
[EventType "swiss"]
[EventRounds "9"]
[EventCountry "AUT"]
[Source "lmi"]
[SourceDate "2008.09.06"]

1. Nf3 Nf6 2. c4 c5 3. Nc3 e6 4. d4 cxd4 5. Nxd4 b6 6. a3 Bb7 7. e3 Be7 8. Be2
O-O 9. O-O a6 10. b3 Qc7 11. Bb2 d5 12. cxd5 Nxd5 13. Rc1 Nxc3 14. Rxc3 Qd7 15.
Qc2 Bd6 16. Rd1 Qe7 17. Bf3 Bxf3 18. Nxf3 Ra7 19. b4 Rc7 20. Rxd6 1-0

[Event "Open Parla 2008"]
[Site "Parla ESP"]
[Date "2008.09.10"]
[Round "5.19"]
[White "Fuentes Arjona, Antonio"]
[Black "Gago Padreny, Ignacio"]
[Result "0-1"]
[WhiteElo "2042"]
[BlackElo "2169"]
[PlyCount "114"]
[EventDate "2008.09.06"]
[EventType "swiss"]
[EventRounds "9"]
[EventCountry "AUT"]
[Source "lmi"]
[SourceDate "2008.09.06"]

1. e4 c5 2. Nf3 d6 3. d4 cxd4 4. Nxd4 Nf6 5. Nc3 a6 6. Be2 e5 7. Nf3 Be7 8. O-O
O-O 9. h3 b5 10. a3 Bb7 11. Bd3 Nbd7 12. Bg5 Re8 13. Re1 h6 14. Be3 Bf8 15. Nd2
Rc8 16. Nb3 Qc7 17. Rc1 Rcd8 18. Qf3 Nc5 19. Nxc5 dxc5 20. Bxh6 b4 21. axb4
cxb4 22. Ne2 Nd7 23. Be3 Nc5 24. Bxc5 Bxc5 25. Ng3 Rd6 26. Nf5 Rf6 27. Qe2 Qb6
28. Ne3 Rf4 29. g3 Rf6 30. Ng4 Rg6 31. Rf1 Bc8 32. Kg2 Bb7 33. Kh2 Qc6 34. Rce1
Kh8 35. Bc4 Qc7 36. Qf3 Rf8 37. Qf5 Rxg4 38. hxg4 Qe7 39. Qh5+ Kg8 40. g5 Rc8
41. g6 Qf6 42. gxf7+ Kf8 43. Qh8+ Ke7 44. f8=Q+ Rxf8 45. Qh4 Bxf2 46. Qxf6+
Rxf6 47. Bd5 Bxd5 48. exd5 Bxe1 49. Rxe1 Rf2+ 50. Kg1 Rxc2 51. Rxe5+ Kd6 52.
Re6+ Kxd5 53. Rxa6 Rxb2 54. Rg6 b3 55. Rxg7 Rc2 56. Rb7 b2 57. g4 Rc1+ 0-1

[Event "Open Parla 2008"]
[Site "Parla ESP"]
[Date "2008.09.10"]
[Round "5.20"]
[White "Salcedo Tornero, Pablo"]
[Black "Ferreiro Calvo, Manuel"]
[Result "1/2-1/2"]
[WhiteElo "2157"]
[BlackElo "2034"]
[PlyCount "80"]
[EventDate "2008.09.06"]
[EventType "swiss"]
[EventRounds "9"]
[EventCountry "AUT"]
[Source "lmi"]
[SourceDate "2008.09.06"]

1. e4 c5 2. Nc3 d6 3. g3 g6 4. Bg2 Bg7 5. d3 Nc6 6. Be3 e6 7. Qd2 Nd4 8. Nd1 e5
9. c3 Ne6 10. Ne2 Nf6 11. O-O Ng4 12. f4 Nxe3 13. Nxe3 Bh6 14. Nd5 O-O 15. Qc2
f5 16. fxe5 dxe5 17. Rad1 Bg7 18. Qb3 Kh8 19. Rf2 Qd6 20. Rdf1 Ng5 21. Kh1 Bd7
22. Ng1 b5 23. c4 Rab8 24. cxb5 Bxb5 25. Re1 Ne6 26. Qc3 Bc6 27. Ne3 f4 28. Nc4
Qc7 29. Ref1 fxg3 30. Rxf8+ Rxf8 31. Rxf8+ Nxf8 32. hxg3 Ne6 33. Bh3 Nd4 34.
Qd2 Qe7 35. Kg2 h5 36. b3 Kh7 37. Nf3 Nxf3 38. Kxf3 Bd7 39. Bxd7 Qxd7 40. Kg2
Qg4 1/2-1/2

[Event "Open Parla 2008"]
[Site "Parla ESP"]
[Date "2008.09.10"]
[Round "5.21"]
[White "Anton Veiga, Juan Carlos"]
[Black "Montanes Arribas, Adrian"]
[Result "1/2-1/2"]
[WhiteElo "2153"]
[BlackElo "2034"]
[PlyCount "85"]
[EventDate "2008.09.06"]
[EventType "swiss"]
[EventRounds "9"]
[EventCountry "AUT"]
[Source "lmi"]
[SourceDate "2008.09.06"]

1. e4 e5 2. Nf3 Nf6 3. d4 Nxe4 4. Bd3 d5 5. Nxe5 Nd7 6. Nxd7 Bxd7 7. O-O Bd6 8.
Nc3 Nxc3 9. bxc3 O-O 10. Qh5 f5 11. Re1 c6 12. Bg5 Qc7 13. c4 Bb4 14. Re3 g6
15. Qh4 Rae8 16. Bf4 Bd6 17. Bxd6 Qxd6 18. c5 Qf6 19. Qxf6 Rxf6 20. Rb1 Rxe3
21. fxe3 Bc8 22. g3 Re6 23. Kf2 Re7 24. h4 h5 25. Kf3 Kg7 26. Kf4 Kf6 27. Rb4
a6 28. a3 Be6 29. Rb6 Bc8 30. Bxa6 bxa6 31. Rxc6+ Be6 32. Rxa6 Rb7 33. c4 dxc4
34. d5 Re7 35. dxe6 Rc7 36. Kf3 c3 37. Ke2 c2 38. Kd2 Rxc5 39. Kc1 Ke7 40. a4
Rc3 41. Ra7+ Kxe6 42. Ra6+ Kf7 43. Ra7+ 1/2-1/2

[Event "Open Parla 2008"]
[Site "Parla ESP"]
[Date "2008.09.10"]
[Round "5.22"]
[White "Perez Cameselle, Francisco"]
[Black "Ivanovitch Balsinde, Nicolas"]
[Result "0-1"]
[WhiteElo "2017"]
[BlackElo "2149"]
[PlyCount "70"]
[EventDate "2008.09.06"]
[EventType "swiss"]
[EventRounds "9"]
[EventCountry "AUT"]
[Source "lmi"]
[SourceDate "2008.09.06"]

1. Nf3 Nf6 2. g3 c5 3. Bg2 Nc6 4. d3 d5 5. Nbd2 Bg4 6. h3 Bh5 7. O-O e6 8. c3
Be7 9. Qc2 h6 10. e4 Bg6 11. Re1 O-O 12. Qb3 Qc7 13. exd5 Nxd5 14. Bf1 Rfd8 15.
Nc4 Bf6 16. Ne3 Nxe3 17. Bxe3 Bxd3 18. Bxc5 Ne5 19. Nxe5 Bxe5 20. Bd4 Bxd4 21.
cxd4 Bxf1 22. Rxf1 Rxd4 23. Rac1 Qb6 24. Qxb6 axb6 25. Rfd1 Rxd1+ 26. Rxd1 Rxa2
27. Rd2 g5 28. g4 Ra1+ 29. Kg2 b5 30. Kf3 Rh1 31. Kg2 Rb1 32. Kf3 Kg7 33. Ke4
Kf6 34. Kd4 Rc1 35. b3 b4 0-1

[Event "Open Parla 2008"]
[Site "Parla ESP"]
[Date "2008.09.10"]
[Round "5.23"]
[White "Tejedor Ariza, Francisco"]
[Black "Sanchez-Guijaldo Vela, Demetrio"]
[Result "1-0"]
[WhiteElo "2010"]
[BlackElo "2141"]
[PlyCount "41"]
[EventDate "2008.09.06"]
[EventType "swiss"]
[EventRounds "9"]
[EventCountry "AUT"]
[Source "lmi"]
[SourceDate "2008.09.06"]

1. e4 e6 2. d4 d5 3. Nc3 Nf6 4. Bg5 Be7 5. e5 Nfd7 6. Bxe7 Qxe7 7. f4 O-O 8.
Nf3 c5 9. Qd2 Nc6 10. dxc5 Nxc5 11. O-O-O a6 12. Bd3 b5 13. Ne2 Bd7 14. Ned4
Nd8 15. h4 Ndb7 16. Kb1 Rac8 17. g4 b4 18. f5 a5 19. Qf4 exf5 20. gxf5 g6 21.
f6 1-0

[Event "Open Parla 2008"]
[Site "Parla ESP"]
[Date "2008.09.10"]
[Round "5.24"]
[White "Sanchez-Alarcos Galian, Victor"]
[Black "Lopez-Andujar Ocana, Antonio"]
[Result "0-1"]
[WhiteElo "2026"]
[BlackElo "2138"]
[PlyCount "68"]
[EventDate "2008.09.06"]
[EventType "swiss"]
[EventRounds "9"]
[EventCountry "AUT"]
[Source "lmi"]
[SourceDate "2008.09.06"]

1. d4 c5 2. e4 cxd4 3. Nf3 e5 4. c3 dxc3 5. Nxc3 d6 6. Bc4 Be7 7. Qb3 Nc6 8.
Bxf7+ Kf8 9. Bxg8 Rxg8 10. h4 h6 11. Be3 Bd7 12. Nd5 Rc8 13. Qd3 Bg4 14. Bd2
Ke8 15. Bc3 Rf8 16. Nh2 Be6 17. g3 Bxd5 18. exd5 Nb8 19. Qg6+ Rf7 20. O-O Rc4
21. Rae1 Qc8 22. f4 Qc5+ 23. Rf2 Nd7 24. Ng4 Nf8 25. Qh5 g6 26. Qxh6 exf4 27.
Nf6+ Kd8 28. Rxe7 fxg3 29. Ree2 gxf2+ 30. Kf1 Rxc3 31. Re8+ Kc7 32. bxc3 Qb5+
33. Kxf2 Rxf6+ 34. Kg3 Qxe8 0-1

[Event "Open Parla 2008"]
[Site "Parla ESP"]
[Date "2008.09.10"]
[Round "5.25"]
[White "Ferreira, Henrique Camara"]
[Black "Castejon Caballero, Andres"]
[Result "1/2-1/2"]
[WhiteElo "2151"]
[BlackElo "1993"]
[PlyCount "84"]
[EventDate "2008.09.06"]
[EventType "swiss"]
[EventRounds "9"]
[EventCountry "AUT"]
[Source "lmi"]
[SourceDate "2008.09.06"]

1. d4 Nf6 2. Nf3 g6 3. c4 Bg7 4. Nc3 d5 5. cxd5 Nxd5 6. e4 Nxc3 7. bxc3 O-O 8.
Rb1 c5 9. Be2 cxd4 10. cxd4 Qa5+ 11. Bd2 Qxa2 12. O-O Nc6 13. d5 Ne5 14. Nd4
Bd7 15. Bc3 Qa4 16. Qe1 Nd3 17. Bxd3 Bxd4 18. Rb4 Bxc3 19. Qxc3 Qa5 20. Ra1
Rac8 21. Qb2 Qc5 22. Rxb7 Rc7 23. Rxc7 Qxc7 24. Qa3 Rc8 25. h3 Qc3 26. Qxc3
Rxc3 27. Rxa7 Rxd3 28. Rxd7 Kf8 29. f3 Rd2 30. Kh2 h5 31. h4 f6 32. Kh3 Rd1 33.
Kg3 Rd2 34. Kh3 Rd1 35. Ra7 Rd3 36. Ra2 Re3 37. Kg3 Re1 38. Kf4 Rf1 39. g3 Rg1
40. Ra3 Kf7 41. Ra7 Kf8 42. Ra3 Kf7 1/2-1/2

[Event "Open Parla 2008"]
[Site "Parla ESP"]
[Date "2008.09.10"]
[Round "5.26"]
[White "Escobar Pena, Rafael"]
[Black "Perez Gonzalez, Jose Manuel"]
[Result "1/2-1/2"]
[WhiteElo "1962"]
[BlackElo "2255"]
[PlyCount "124"]
[EventDate "2008.09.06"]
[EventType "swiss"]
[EventRounds "9"]
[EventCountry "AUT"]
[Source "lmi"]
[SourceDate "2008.09.06"]

1. e4 d6 2. d4 Nf6 3. Nc3 g6 4. f4 Bg7 5. Nf3 O-O 6. Be2 c5 7. dxc5 Qa5 8. Bd3
Qxc5 9. Qe2 Bg4 10. Be3 Qa5 11. O-O Nc6 12. a3 e6 13. h3 Bxf3 14. Qxf3 Nd7 15.
Bd2 Qd8 16. Rfd1 Nc5 17. Rab1 Rc8 18. Ne2 Qc7 19. Bc3 Bxc3 20. Nxc3 Rfd8 21.
Qe3 Ne7 22. Rbc1 d5 23. Nb5 Qb6 24. b4 Nxe4 25. Qxb6 axb6 26. Bxe4 dxe4 27. Nd6
Rc7 28. Nxe4 Rxd1+ 29. Rxd1 Nd5 30. Rd2 Rc4 31. Nd6 Rxf4 32. Rd3 Rh4 33. Kh2
Rf4 34. Kg3 Rf1 35. c4 Nf4 36. Rf3 Ne2+ 37. Kh2 Rxf3 38. gxf3 Nd4 39. Nxb7 Nc2
40. c5 bxc5 41. bxc5 Kf8 42. a4 Ke7 43. a5 Nb4 44. Kg3 e5 45. Kg4 h6 46. f4 f5+
47. Kg3 exf4+ 48. Kxf4 Kf6 49. Nd8 Nd3+ 50. Kf3 Nxc5 51. Nc6 Na6 52. Nd4 g5 53.
Nc6 h5 54. h4 gxh4 55. Kf4 h3 56. Kg3 Kg5 57. Kxh3 f4 58. Ne5 Kf5 59. Nf3 Ke4
60. Ng5+ Ke3 61. Kh4 f3 62. Nxf3 Kxf3 1/2-1/2

[Event "Open Parla 2008"]
[Site "Parla ESP"]
[Date "2008.09.10"]
[Round "5.27"]
[White "Ramirez Bulnes, Joaquin"]
[Black "Lozano Cortijo, Mariano"]
[Result "0-1"]
[WhiteElo "1954"]
[BlackElo "2156"]
[PlyCount "82"]
[EventDate "2008.09.06"]
[EventType "swiss"]
[EventRounds "9"]
[EventCountry "AUT"]
[Source "lmi"]
[SourceDate "2008.09.06"]

1. c4 c6 2. Nc3 d5 3. d4 Nf6 4. b3 Bf5 5. e3 e6 6. Bd3 Bb4 7. Nge2 Bxd3 8. Qxd3
O-O 9. O-O Nbd7 10. a3 Bd6 11. e4 Nxe4 12. Nxe4 dxe4 13. Qxe4 e5 14. c5 Bc7 15.
Bb2 f5 16. Qd3 e4 17. Qc4+ Kh8 18. d5 cxd5 19. Qxd5 Qe7 20. Nd4 Be5 21. Qxb7
Rab8 22. Qd5 Nf6 23. Qe6 Qxe6 24. Nxe6 Bxb2 25. Ra2 Rfe8 26. Nc7 Re7 27. Na6
Rxb3 28. Rb1 Rd7 29. h3 Rd2 30. Kf1 Rxf2+ 31. Kxf2 Bd4+ 32. Ke2 Rxb1 33. Rd2
Rb2 34. c6 Ne8 35. c7 Nd6 36. Nb4 Rxd2+ 37. Kxd2 Be5 38. Nd5 Nc8 39. a4 Kg8 40.
g4 g6 41. gxf5 gxf5 0-1

[Event "Open Parla 2008"]
[Site "Parla ESP"]
[Date "2008.09.10"]
[Round "5.28"]
[White "Lopez de Turiso Sanchez, Jose Ang"]
[Black "Tolosana Esteban, Enrique"]
[Result "1-0"]
[WhiteElo "2137"]
[BlackElo "1954"]
[PlyCount "87"]
[EventDate "2008.09.06"]
[EventType "swiss"]
[EventRounds "9"]
[EventCountry "AUT"]
[Source "lmi"]
[SourceDate "2008.09.06"]

1. e4 c5 2. b4 d6 3. bxc5 dxc5 4. Bb2 Nc6 5. Nf3 Qb6 6. Qc1 Nf6 7. Nc3 Bg4 8.
Rb1 Bxf3 9. gxf3 e5 10. Nd5 Qd8 11. Bc4 a6 12. a4 Rb8 13. Bc3 Bd6 14. Rg1 g6
15. d3 Nxd5 16. Bxd5 Nd4 17. Bxd4 exd4 18. Rxb7 Rxb7 19. Bxb7 Qb6 20. Bd5 Qb4+
21. Ke2 Qxa4 22. h4 h6 23. Qb2 Qb5 24. Qa2 Qd7 25. Qxa6 Ke7 26. Qa2 Kf6 27. Rg4
g5 28. Qa6 Qe7 29. f4 Rd8 30. hxg5+ hxg5 31. Rxg5 Qd7 32. e5+ Ke7 33. Qxd6+
Qxd6 34. exd6+ Rxd6 35. Be4 Ke6 36. Rxc5 Ke7 37. Rd5 Re6 38. Re5 f6 39. Rxe6+
Kxe6 40. f5+ Ke5 41. Kf3 Kd6 42. Kg4 Ke7 43. Kh5 Kf7 44. Kh6 1-0

[Event "Open Parla 2008"]
[Site "Parla ESP"]
[Date "2008.09.10"]
[Round "5.30"]
[White "Gutierrez Gonzalez, Francisco Jav"]
[Black "Martin Rodriguez, Emilio"]
[Result "1-0"]
[WhiteElo "1943"]
[BlackElo "2123"]
[PlyCount "65"]
[EventDate "2008.09.06"]
[EventType "swiss"]
[EventRounds "9"]
[EventCountry "AUT"]
[Source "lmi"]
[SourceDate "2008.09.06"]

1. c4 b6 2. Nc3 Bb7 3. e4 e6 4. d4 Bb4 5. Bd3 Bxc3+ 6. bxc3 Nf6 7. f3 c5 8. Ne2
d6 9. O-O Nc6 10. a4 Na5 11. Qc2 Ba6 12. e5 dxe5 13. dxe5 Nd7 14. Rd1 Qc7 15.
f4 O-O-O 16. Be3 f6 17. exf6 gxf6 18. Ng3 h5 19. f5 e5 20. Ne4 h4 21. Bf1 Kb8
22. Nd6 Rdg8 23. Rd2 h3 24. Rad1 hxg2 25. Bxg2 Qc6 26. Kh1 Rxg2 27. Rxg2 Bxc4
28. Qe4 Bb3 29. Qxc6 Nxc6 30. Rdd2 Bxa4 31. Nf7 Rh7 32. Rxd7 Na5 33. Rg8# 1-0

[Event "Open Parla 2008"]
[Site "Parla ESP"]
[Date "2008.09.10"]
[Round "5.31"]
[White "Coleto Calderon, Jose Antonio"]
[Black "Ortega Morales, Pedro"]
[Result "1-0"]
[WhiteElo "2122"]
[BlackElo "1932"]
[PlyCount "73"]
[EventDate "2008.09.06"]
[EventType "swiss"]
[EventRounds "9"]
[EventCountry "AUT"]
[Source "lmi"]
[SourceDate "2008.09.06"]

1. d4 Nf6 2. c4 c5 3. d5 b5 4. cxb5 a6 5. b6 Qxb6 6. Nc3 g6 7. Nf3 d6 8. Nd2
Bg7 9. e4 Nbd7 10. Nc4 Qc7 11. a4 a5 12. Na3 O-O 13. Nab5 Qd8 14. Be2 Ne8 15.
O-O Ba6 16. Bg5 h6 17. Be3 Kh7 18. Qd2 Nc7 19. Ra3 Rb8 20. Nxc7 Bxe2 21. Qxe2
Qxc7 22. Nb5 Qd8 23. Bc1 Rb7 24. Rh3 Rh8 25. b3 h5 26. Bd2 Bh6 27. Bxh6 Kxh6
28. g4 Ne5 29. f4 Nd7 30. Kh1 Kg7 31. Qb2+ f6 32. gxh5 Qg8 33. Rg1 Nf8 34. Qg2
Qh7 35. Qg4 Rd7 36. Rgg3 Rd8 37. Nc7 1-0

[Event "Open Parla 2008"]
[Site "Parla ESP"]
[Date "2008.09.10"]
[Round "5.32"]
[White "Prada Valderrey, Julian"]
[Black "Gomez, Gustavo Pizzocaro"]
[Result "1-0"]
[WhiteElo "1905"]
[BlackElo "2076"]
[PlyCount "63"]
[EventDate "2008.09.06"]
[EventType "swiss"]
[EventRounds "9"]
[EventCountry "AUT"]
[Source "lmi"]
[SourceDate "2008.09.06"]

1. e4 e5 2. f4 d5 3. exd5 exf4 4. Nf3 Nf6 5. Bb5+ c6 6. dxc6 bxc6 7. Bc4 Nd5 8.
Nc3 Be6 9. Nxd5 cxd5 10. Bb3 Bd6 11. d4 O-O 12. O-O Nd7 13. c3 a5 14. a3 Rb8
15. Bc2 g6 16. b4 Rc8 17. Bd2 axb4 18. axb4 Bg4 19. Bd3 Nf6 20. Qb1 Re8 21. Qb2
Ne4 22. Bxe4 dxe4 23. Ne5 Bxe5 24. dxe5 e3 25. Be1 g5 26. Ra5 Be2 27. Qxe2 Qb6
28. h4 Rcd8 29. hxg5 Rd2 30. Bxd2 exd2+ 31. Qf2 Qe3 32. Rd5 1-0

[Event "Open Parla 2008"]
[Site "Parla ESP"]
[Date "2008.09.10"]
[Round "5.33"]
[White "Nieto de la Cruz, Julio"]
[Black "Qasem, Abul"]
[Result "1-0"]
[WhiteElo "1888"]
[BlackElo "2043"]
[PlyCount "65"]
[EventDate "2008.09.06"]
[EventType "swiss"]
[EventRounds "9"]
[EventCountry "AUT"]
[Source "lmi"]
[SourceDate "2008.09.06"]

1. d4 Nf6 2. c4 g6 3. Nc3 Bg7 4. e4 O-O 5. f4 d6 6. Nf3 c5 7. d5 Na6 8. Be2 Nc7
9. O-O a6 10. a4 b6 11. Re1 Rb8 12. e5 Nfe8 13. Be3 Bg4 14. Bf2 f6 15. Bg3 Bxf3
16. Bxf3 b5 17. axb5 axb5 18. b3 fxe5 19. fxe5 Rf5 20. Bg4 Bxe5 21. Bxe5 Rxe5
22. Rxe5 dxe5 23. Ne4 Ra8 24. Nxc5 Qd6 25. Nd3 Rxa1 26. Qxa1 Nf6 27. Nxe5 Qb6+
28. Kh1 Ne4 29. h3 Qe3 30. Bf3 Nd2 31. Ng4 Qxb3 32. Nh6+ Kf8 33. Qh8# 1-0

[Event "Open Parla 2008"]
[Site "Parla ESP"]
[Date "2008.09.10"]
[Round "5.35"]
[White "Rodriguez Centenera, Sara"]
[Black "Cortes Jurado, Rafael"]
[Result "1-0"]
[WhiteElo "1674"]
[BlackElo "2040"]
[PlyCount "107"]
[EventDate "2008.09.06"]
[EventType "swiss"]
[EventRounds "9"]
[EventCountry "AUT"]
[Source "lmi"]
[SourceDate "2008.09.06"]

1. d4 Nf6 2. c4 g6 3. Nc3 Bg7 4. e4 d6 5. f3 O-O 6. Be3 e5 7. d5 a5 8. Qd2 c6
9. Bd3 Na6 10. Nge2 h5 11. Na4 cxd5 12. cxd5 Nxd5 13. Bg5 Qe8 14. Bxa6 Rxa6 15.
Nac3 Nxc3 16. Nxc3 Be6 17. Nd5 Bxd5 18. Qxd5 Rb6 19. Qxa5 Rxb2 20. O-O Qe6 21.
Rf2 Rxf2 22. Kxf2 f5 23. Qd5 Qxd5 24. exd5 Ra8 25. Rb1 Rxa2+ 26. Kf1 Ra7 27.
Rb6 Bf8 28. Be3 Ra3 29. Ke2 f4 30. Bd2 Ra7 31. Bb4 g5 32. Bxd6 Ra6 33. Rxa6
bxa6 34. Bxe5 Kf7 35. Kd3 Ke7 36. Ke4 a5 37. Kf5 a4 38. Bb2 g4 39. Kxf4 Kd7 40.
fxg4 Bd6+ 41. Kg5 hxg4 42. Kxg4 Bxh2 43. Kf5 Bd6 44. g4 a3 45. Ba1 Ke7 46. g5
a2 47. g6 Bc5 48. Bf6+ Kf8 49. Ke6 Bb6 50. d6 Bd8 51. Ba1 Kg8 52. Kd7 Be7 53.
g7 Bg5 54. Ke8 1-0

[Event "Open Parla 2008"]
[Site "Parla ESP"]
[Date "2008.09.10"]
[Round "5.37"]
[White "Andalon Gomez, Carlos Jesus"]
[Black "Avendano Mateos, Jose"]
[Result "1-0"]
[WhiteElo "2017"]
[BlackElo "1909"]
[PlyCount "139"]
[EventDate "2008.09.06"]
[EventType "swiss"]
[EventRounds "9"]
[EventCountry "AUT"]
[Source "lmi"]
[SourceDate "2008.09.06"]

1. d4 d5 2. c4 c6 3. Nf3 Nf6 4. e3 Bf5 5. Nc3 e6 6. Ne5 h6 7. g4 Be4 8. Nxe4
Nxe4 9. h4 Bb4+ 10. Ke2 Be7 11. Bg2 Bxh4 12. Bxe4 dxe4 13. Qc2 Bf6 14. Qxe4 Nd7
15. Nd3 Nb6 16. b3 Qc7 17. Bb2 O-O-O 18. a4 Nd7 19. a5 c5 20. a6 b6 21. Ba3
cxd4 22. Bd6 Nc5 23. Bxc7 Nxe4 24. Bxd8 Rxd8 25. exd4 Rxd4 26. Rac1 Bg5 27. Rc2
Nf6 28. f3 Nd7 29. c5 b5 30. c6 Nb6 31. Nc5 Nd5 32. Ne4 Bf4 33. g5 f5 34. gxf6
Nxf6 35. Nxf6 gxf6 36. Rd1 Rxd1 37. Kxd1 Kc7 38. Re2 e5 39. Rc2 Be3 40. Ke2 Bd4
41. Kd3 f5 42. f4 Ba1 43. fxe5 Bxe5 44. Rc5 Bg3 45. Rxf5 Kxc6 46. Rf6+ Kc5 47.
Rf7 Kb6 48. Rf6+ Kc5 49. Rxh6 Bc7 50. Kc2 b4 51. Kd3 Kb5 52. Rh7 Bb6 53. Rh6
Kxa6 54. Kc4 Ka5 55. Rh5+ Ka6 56. Kxb4 Be3 57. Re5 Bb6 58. Re6 Kb7 59. Kb5 a6+
60. Kc4 Kc7 61. Kd5 Kb7 62. Re7+ Bc7 63. Kc5 a5 64. Kb5 Kb8 65. Rxc7 Kxc7 66.
Kxa5 Kb7 67. Kb5 Kb8 68. Kb6 Kc8 69. b4 Kb8 70. b5 1-0

[Event "Open Parla 2008"]
[Site "Parla ESP"]
[Date "2008.09.10"]
[Round "5.38"]
[White "Rodrigo Yanguas, Maria"]
[Black "Diaz Begonte, Manuel"]
[Result "1-0"]
[WhiteElo "1999"]
[BlackElo "1855"]
[PlyCount "41"]
[EventDate "2008.09.06"]
[EventType "swiss"]
[EventRounds "9"]
[EventCountry "AUT"]
[Source "lmi"]
[SourceDate "2008.09.06"]

1. e4 d6 2. d4 g6 3. Be2 Bg7 4. h4 h5 5. Nh3 d5 6. e5 Bf5 7. Ng5 Nh6 8. Bf4 c5
9. c3 Qb6 10. Qd2 Nc6 11. Nf3 cxd4 12. cxd4 Nb4 13. Na3 O-O 14. Bxh6 Rfc8 15.
Bxg7 Kxg7 16. O-O Nc2 17. Rac1 Qxb2 18. Nxc2 Rxc2 19. Rxc2 Qxc2 20. Qxc2 Bxc2
21. Rc1 1-0

[Event "Open Parla 2008"]
[Site "Parla ESP"]
[Date "2008.09.10"]
[Round "5.39"]
[White "Tirado Parra, Alberto"]
[Black "Martinez-Villanueva Pelaez, Guzma"]
[Result "1-0"]
[WhiteElo "1983"]
[BlackElo "1827"]
[PlyCount "81"]
[EventDate "2008.09.06"]
[EventType "swiss"]
[EventRounds "9"]
[EventCountry "AUT"]
[Source "lmi"]
[SourceDate "2008.09.06"]

1. d4 c6 2. e4 d5 3. exd5 cxd5 4. c4 Nf6 5. Nc3 Nc6 6. Bg5 dxc4 7. d5 Ne5 8.
Qd4 Nd3+ 9. Bxd3 cxd3 10. Qxd3 Bd7 11. Nf3 Qb6 12. O-O h6 13. Bh4 e6 14. Rfe1
Be7 15. Rad1 O-O 16. Ne5 Rfd8 17. d6 Bc6 18. Nxf7 Kxf7 19. Qh3 Bf8 20. Qxe6+
Kg6 21. Bxf6 Re8 22. Bd8+ Rxe6 23. Rxe6+ Kf7 24. Bxb6 Kxe6 25. Bc7 Kd7 26. b4
a6 27. a4 b5 28. axb5 axb5 29. f3 Re8 30. Nd5 Bxd5 31. Rxd5 Re6 32. Rxb5 Bxd6
33. Bxd6 Kxd6 34. Rb7 g6 35. Rb6+ Kd5 36. Rxe6 Kxe6 37. f4 Kd5 38. g4 Kc4 39.
f5 gxf5 40. gxf5 Kxb4 41. f6 1-0

[Event "Open Parla 2008"]
[Site "Parla ESP"]
[Date "2008.09.10"]
[Round "5.40"]
[White "Vazquez Torres, Adrian"]
[Black "Sierra Soria, Maria"]
[Result "0-1"]
[WhiteElo "1981"]
[BlackElo "1708"]
[PlyCount "68"]
[EventDate "2008.09.06"]
[EventType "swiss"]
[EventRounds "9"]
[EventCountry "AUT"]
[Source "lmi"]
[SourceDate "2008.09.06"]

1. e4 e5 2. Nf3 Nf6 3. d4 Nxe4 4. Bd3 d5 5. Nxe5 Nd7 6. Nxd7 Bxd7 7. O-O Be7 8.
c4 Nf6 9. Bg5 dxc4 10. Bxf6 Bxf6 11. Re1+ Be6 12. Bxc4 O-O 13. d5 Bxd5 14. Bxd5
Bxb2 15. Na3 Bxa1 16. Qf3 Bf6 17. Bxb7 Rb8 18. Nc4 Re8 19. Rd1 Qe7 20. Ne3 Bg5
21. Bc6 Red8 22. Nd5 Qd6 23. Re1 Qe5 24. Qd1 Qd6 25. Qf3 Rb2 26. Nc3 Bd2 27.
Rf1 Rc2 28. Nd5 Rxc6 29. Ne7+ Qxe7 30. Qxc6 h6 31. g3 Ba5 32. Qc4 Bb6 33. Qc3
Qe2 34. Qb3 Rd2 0-1

[Event "Open Parla 2008"]
[Site "Parla ESP"]
[Date "2008.09.10"]
[Round "5.44"]
[White "Callejo Hernanz, Jesus Maria"]
[Black "Penaranda Grilo, Juan Carlos"]
[Result "0-1"]
[WhiteElo "1852"]
[BlackElo "1961"]
[PlyCount "74"]
[EventDate "2008.09.06"]
[EventType "swiss"]
[EventRounds "9"]
[EventCountry "AUT"]
[Source "lmi"]
[SourceDate "2008.09.06"]

1. Nf3 Nf6 2. c4 e6 3. d4 d5 4. Nc3 Be7 5. Bg5 O-O 6. e3 h6 7. Bh4 Nbd7 8. Qc2
c6 9. Rd1 Re8 10. Be2 dxc4 11. Bxc4 Nd5 12. Bxe7 Qxe7 13. e4 Nxc3 14. bxc3 b6
15. O-O Bb7 16. Rfe1 Qf6 17. e5 Qe7 18. Bd3 c5 19. Nd2 cxd4 20. cxd4 Rec8 21.
Qa4 Nf8 22. Be4 Ng6 23. Bxb7 Qxb7 24. Ne4 Qd5 25. Nd6 Rc7 26. Rc1 Rxc1 27. Rxc1
Nf4 28. Qc6 Ne2+ 29. Kf1 Nxc1 30. Qxc1 Qxd4 31. f4 f6 32. g3 fxe5 33. Qc7 Rf8
34. Qe7 Qd5 35. Ke2 exf4 36. gxf4 Rxf4 37. Qc7 Qe5+ 0-1

[Event "Open Parla 2008"]
[Site "Parla ESP"]
[Date "2008.09.10"]
[Round "5.45"]
[White "Laynez Aspenberg, Jose Miguel"]
[Black "Perez Alvarez, Javier"]
[Result "1-0"]
[WhiteElo "1935"]
[BlackElo "1727"]
[PlyCount "57"]
[EventDate "2008.09.06"]
[EventType "swiss"]
[EventRounds "9"]
[EventCountry "AUT"]
[Source "lmi"]
[SourceDate "2008.09.06"]

1. d4 d5 2. c4 e6 3. Nc3 Nf6 4. cxd5 exd5 5. Bg5 Nbd7 6. e3 c6 7. Bd3 Be7 8.
Qc2 h6 9. Bh4 g5 10. Bg3 Nh5 11. Nge2 Ng7 12. f3 Nf6 13. e4 dxe4 14. fxe4 Bg4
15. O-O-O Bxe2 16. Bxe2 Nfh5 17. Bf2 Qa5 18. g3 Nf6 19. d5 cxd5 20. e5 Rc8 21.
exf6 Bxf6 22. Bd4 Bxd4 23. Rxd4 Ne6 24. Rxd5 Qb6 25. Bb5+ Kf8 26. Bd7 Qe3+ 27.
Kb1 Rxc3 28. bxc3 Qf3 29. Rhd1 1-0

[Event "Open Parla 2008"]
[Site "Parla ESP"]
[Date "2008.09.10"]
[Round "5.46"]
[White "Fernandez Garcia, Javier"]
[Black "Alcazar Mata, Jesus"]
[Result "1-0"]
[WhiteElo "1924"]
[BlackElo "1631"]
[PlyCount "131"]
[EventDate "2008.09.06"]
[EventType "swiss"]
[EventRounds "9"]
[EventCountry "AUT"]
[Source "lmi"]
[SourceDate "2008.09.06"]

1. d4 d5 2. Nf3 e6 3. e3 Nf6 4. Bd3 Nbd7 5. Nbd2 c5 6. b3 cxd4 7. exd4 Bd6 8.
Bb2 O-O 9. O-O b6 10. Ne5 Bb7 11. Qe2 Ne8 12. Rae1 Nc7 13. f4 Qe7 14. Rf3 Nf6
15. Rh3 g6 16. Qf2 Ba6 17. Bxa6 Nxa6 18. Qh4 Nh5 19. Qg4 f5 20. Qf3 Nf6 21. Qe2
Nc7 22. Rg3 Bxe5 23. Qxe5 Ne4 24. Nxe4 fxe4 25. Rg5 Rf6 26. Re3 Raf8 27. f5
Rxf5 28. Rxf5 Rxf5 29. Qg3 Qf8 30. Re1 Ne8 31. c4 Nf6 32. Bc1 Nh5 33. Qg4 Qf6
34. Be3 Nf4 35. Bxf4 Rxf4 36. Qd1 Rf2 37. a4 Qf4 38. Re2 e3 39. Re1 Rd2 40. Qf3
Qxd4 41. Qxe3 Qxe3+ 42. Rxe3 Kf7 43. cxd5 exd5 44. Rc3 Re2 45. Kf1 Re4 46. Kf2
h5 47. Kf3 Re6 48. Kf4 Kf6 49. Rc7 g5+ 50. Kf3 a5 51. Rd7 Ke5 52. Ke3 Rd6 53.
Rh7 d4+ 54. Kd3 h4 55. g3 hxg3 56. hxg3 Kf5 57. Rg7 Rg6 58. Rxg6 Kxg6 59. Kxd4
Kf5 60. Ke3 Kg4 61. Kf2 Kh3 62. Kf3 g4+ 63. Kf4 Kg2 64. Kxg4 Kf2 65. Kf4 Ke2
66. Ke4 1-0